000 00242nam a22000857a 4500
008 160816b xxu||||| |||| 00| 0 eng d
100 _9136
_aManchanda R.P
245 _aTogether with Chemistry Solution-XI
260 _aNew Delhi
_bR.S publication
_c2002
999 _c2791
_d2791